|
|
|
|
| LEADER |
00851nam a22002652i 4500 |
| 001 |
001487177 |
| 003 |
CZ BrMZK |
| 005 |
20160330115800.0 |
| 007 |
ta |
| 008 |
150907s1937 gw a er|||||||||||ger d |
| 040 |
|
|
|a ABB502
|b cze
|d BOA001
|e rda
|
| 080 |
9 |
|
|a 574.4/.5
|2 MRF
|
| 100 |
1 |
|
|a Molisch, Hans,
|d 1856-1937
|7 mzk2002112897
|4 aut
|
| 245 |
1 |
4 |
|a Der Einfluss einer Pflanze auf die andere Allelopathie /
|c von Hans Molisch
|
| 264 |
|
1 |
|a Jena :
|b Gustav Fischer,
|c 1937
|
| 300 |
|
|
|a viii, 106 stran :
|b 15 ilustrací
|
| 336 |
|
|
|a text
|b txt
|2 rdacontent
|
| 337 |
|
|
|a bez média
|b n
|2 rdamedia
|
| 338 |
|
|
|a svazek
|b nc
|2 rdacarrier
|
| 650 |
0 |
7 |
|a ekosystémy
|7 ph114432
|2 czenas
|
| 910 |
|
|
|a BOA001
|b 2-0258.717
|
| 990 |
|
|
|a BK
|
| 993 |
|
|
|a Y
|
| 991 |
|
|
|b 201508
|
| 996 |
7 |
|
|b 2618723107
|c 2-0258.717
|l MZK
|r Sklad / do 24 hodin
|n 0
|w 001522266
|u 000010
|a 1
|e BOA001
|j MZK50
|s A
|